| 000 | 00573nam a22001457a 4500 | ||
|---|---|---|---|
| 020 | _a9781138351684 | ||
| 082 |
_a378.101 _bHIG |
||
| 245 |
_aHigher education administration for social justice and equity : _bcritical perspectives for leadership / _cedited by Adrianna Kezar, |
||
| 260 |
_aNew York: _bRoutledge Taylor & Francis Group; _c2020. |
||
| 300 | _a273p. | ||
| 563 | _aPB | ||
| 650 |
_aSocial justice and education _aEducation, Higher--Administration _aEducational equalization _9118059 |
||
| 700 |
_a Adrianna J. Kezar & Julie Posselt _9119628 |
||
| 942 |
_2ddc _cBK |
||
| 999 |
_c603118 _d603118 |
||